¿Reforma judicial: políticas públicas? (Registro nro. 31328)

Detalles MARC
000 -LEADER
fixed length control field 00333 a2200109 4500
001 - CONTROL NUMBER
control field ART_41485
005 - DATE AND TIME OF LATEST TRANSACTION
control field 20260410162001.0
008 - FIXED-LENGTH DATA ELEMENTS--GENERAL INFORMATION
fixed length control field 260409a
100 1# - MAIN ENTRY--PERSONAL NAME
Personal name Vanossi, Jorge Reinaldo A.
245 10 - TITLE STATEMENT
Title ¿Reforma judicial: políticas públicas?
773 0# - HOST ITEM ENTRY
Title Pensar en derecho
Related parts - Año 4, Nº 6 (ago. 2015)
Record control number REV28996

No hay ítems disponibles.